Catalog

Record Details

Catalog Search



Splice  Cover Image Blu-ray Blu-ray

Splice / Warner Bros.

Hoban, Steve, 1964- (Added Author). Natali, Vincenzo. (Added Author). Bryant, Antoinette Terry. (Added Author). Taylor, Doug. (Added Author). Brody, Adrien. (Added Author). Polley, Sarah. (Added Author). Chaneac, Delphine. (Added Author). Warner Bros. Pictures (1969- ) (Added Author). Dark Castle Entertainment (Firm) (Added Author). Copperheart Entertainment (Firm) (Added Author). Gaumont (Firm) (Added Author). Warner Bros. Entertainment. (Added Author). Warner Home Video (Firm) (Added Author). Adrien Brody, Sarah Polley, Delphine Chaneac. (Cast).

Summary:

Two young scientists become superstars by splicing different animal DNA to create fantastical new creatures. Ignoring legal and ethical boundaries, the scientists, who are romantically involved, introduce human DNA into their experiment and risk the dawn of a terrifying new era.

Record details

  • ISBN: 0780669916
  • ISBN: 9780780669918
  • Physical Description: 1 videodisc (104 min.) : sound, color ; 4 3/4 in.
  • Edition: Blu-ray edition.
  • Publisher: Burbank, CA : Warner Bros. Entertainment, Inc., [2010]
  • Distributor: Burbank, CA : Distributed by Warner Home Video.

Content descriptions

General Note:
Originally released as a motion picture in 2010.
Creation/Production Credits Note:
Casting, John Buchan, Jason Knight, John Papsidera, Constance Demontoy ; composer, Cyrille Aufort ; costume designer, Alex Kavanagh ; production designer, Todd Cherniawsky ; editor, Michele Conrpy ; director of photography, Tetsuo Nagata ; executive producers, Guillermo Del Toro, Susan Montford, Don Murphy, Christophe Riandee, Yves Chavalier ; executive produced, Joel Silver, Sidonie Dumas.
Participant or Performer Note:
Adrien Brody, Sarah Polley, Delphine Chaneac.
Target Audience Note:
Rating: R; for disturbing elements including strong sexuality, nudity, sci-fi violence and language.
System Details Note:
This Blu-ray disc will not play in standard DVD players.
Blu-ray, 1080p high definition, 16x9 1.85:1 presentation, DTS-HD MA, English 5.1 Dolby digital.
Language Note:
English or Spanish dialogue, Spanish subtitles; English subtitled for the deaf and hard of hearing.
Subject: Genetic engineering > Drama.
DNA > Drama.
Medical ethics > Drama.
DNA.
Genetic engineering.
Medical ethics.
Genre: Drama.
Feature films.
Fiction films.
Science fiction films.
Video recordings for the hearing impaired.
Feature films.
Science fiction films.
Fiction films.
Video recordings for the hearing impaired.

LDR 03842cgm a2200757Ma 4500
001154679
003SBPL
00520201118015216.0
008120914s2010 cau104 e vleng d
007vd csaizq
040 . ‡aFSP ‡beng ‡cFSP ‡dOCLCF ‡dOCLCQ
020 . ‡a0780669916
020 . ‡a9780780669918
0241 . ‡a883929142453
02842. ‡a3000032247 ‡bWarner Home Video
035 . ‡a(OCoLC)1037231603
0411 . ‡aeng ‡aspa ‡jeng ‡jspa ‡heng
08214. ‡a813.6
08204. ‡a813.6 ‡bSPL
24500. ‡aSplice / ‡cWarner Bros.
250 . ‡aBlu-ray edition.
264 1. ‡aBurbank, CA : ‡bWarner Bros. Entertainment, Inc., ‡c[2010]
264 2. ‡aBurbank, CA : ‡bDistributed by Warner Home Video.
264 4. ‡c©2010
300 . ‡a1 videodisc (104 min.) : ‡bsound, color ; ‡c4 3/4 in.
336 . ‡atwo-dimensional moving image ‡btdi ‡2rdacontent
337 . ‡avideo ‡bv ‡2rdamedia
338 . ‡avideodisc ‡bvd ‡2rdacarrier
538 . ‡aThis Blu-ray disc will not play in standard DVD players.
538 . ‡aBlu-ray, 1080p high definition, 16x9 1.85:1 presentation, DTS-HD MA, English 5.1 Dolby digital.
546 . ‡aEnglish or Spanish dialogue, Spanish subtitles; English subtitled for the deaf and hard of hearing.
5111 . ‡aAdrien Brody, Sarah Polley, Delphine Chaneac.
508 . ‡aCasting, John Buchan, Jason Knight, John Papsidera, Constance Demontoy ; composer, Cyrille Aufort ; costume designer, Alex Kavanagh ; production designer, Todd Cherniawsky ; editor, Michele Conrpy ; director of photography, Tetsuo Nagata ; executive producers, Guillermo Del Toro, Susan Montford, Don Murphy, Christophe Riandee, Yves Chavalier ; executive produced, Joel Silver, Sidonie Dumas.
500 . ‡aOriginally released as a motion picture in 2010.
5218 . ‡aRating: R; for disturbing elements including strong sexuality, nudity, sci-fi violence and language.
520 . ‡aTwo young scientists become superstars by splicing different animal DNA to create fantastical new creatures. Ignoring legal and ethical boundaries, the scientists, who are romantically involved, introduce human DNA into their experiment and risk the dawn of a terrifying new era.
650 0. ‡aGenetic engineering ‡vDrama.
650 0. ‡aDNA ‡vDrama.
650 0. ‡aMedical ethics ‡vDrama.
650 7. ‡aDNA. ‡2fast ‡0(OCoLC)fst00886555
650 7. ‡aGenetic engineering. ‡2fast ‡0(OCoLC)fst00940027
650 7. ‡aMedical ethics. ‡2fast ‡0(OCoLC)fst01014081
655 7. ‡aDrama. ‡2fast ‡0(OCoLC)fst01423879
655 7. ‡aFeature films. ‡2fast ‡0(OCoLC)fst01710384
655 7. ‡aFiction films. ‡2fast ‡0(OCoLC)fst01710264
655 7. ‡aScience fiction films. ‡2fast ‡0(OCoLC)fst01710407
655 7. ‡aVideo recordings for the hearing impaired. ‡2fast ‡0(OCoLC)fst01710450
655 7. ‡aFeature films. ‡2lcgft
655 7. ‡aScience fiction films. ‡2lcgft
655 7. ‡aFiction films. ‡2lcgft
655 7. ‡aVideo recordings for the hearing impaired. ‡2lcgft
7001 . ‡aHoban, Steve, ‡d1964-
7001 . ‡aNatali, Vincenzo.
7001 . ‡aBryant, Antoinette Terry.
7001 . ‡aTaylor, Doug.
7001 . ‡aBrody, Adrien.
7001 . ‡aPolley, Sarah.
7001 . ‡aChaneac, Delphine.
7102 . ‡aWarner Bros. Pictures (1969- )
7102 . ‡aDark Castle Entertainment (Firm)
7102 . ‡aCopperheart Entertainment (Firm)
7102 . ‡aGaumont (Firm)
7102 . ‡aWarner Bros. Entertainment.
7102 . ‡aWarner Home Video (Firm)
994 . ‡aZ0 ‡bMWL
948 . ‡hNO HOLDINGS IN MWL - 0 OTHER HOLDINGS
901 . ‡a154679 ‡b ‡c154679 ‡tbiblio

Additional Resources